1442 1540 1061 1699 1498 1918 1522 1427 1650 1074 1430 1774 1379 1183 1571 1996 1111 1270 1322 1978 1165 1525 1494 1046 1106 1076 1002 1510 1806 1544 1630 1389 1073 1915 1628 1217 1787 1480 1695 1423 1648 1337 1351 1031 1540 1533 1114 1912 1581 1584 1718 1001 1543 1785 1007 1039 1709 1305 1223 1216 1913 1933 1671 1213 1670 1460 1598 1893 1944 1379 1887 1606 1795 1655 1248 1781 1620 1187 1557 1541 1197 1615 1463 1937 1185 1357 1734 1667 1875 1546 1192 1284 1039 1102 1872 1824 1644 1865 1947 BCNSPRNW ULIB Ver.6.0+V

เปลี่ยนเป็นภาษาไทย

Change to English
 แสดงรายละเอียดบรรณานุกรม
  กลับหน้าหลัก

Brief Record : Get Marc (ISO 2709) : E-mail record : QR code < ปิดหน้าต่าง
LEADER : 00000nam 2200000uu 4500
001    13399120707
003     ULIB
008    121005s2545||||th 000 0 tha d
020    ^a9745322956
060 04 ^aWY159^bน276ก
100 0  ^aนฤมล ธีระรังสิกุล
245 10 ^aการพยาบาลทารกคลอดก่อนกำหนด /^cนฤมล ธีระรังสิกุล
250    ^aพิมพ์ครั้งที่ 3
260    ^aชลบุรี :^bภาควิชาการพยาบาลแม่และเด็ก คณะพยาบาลศาสตร์มหาวิทยาลัยบูรพา,^c2545
300    ^aฉ, 142 หน้า :^bภาพประกอบ ;^c26 ซม.
440    ^aโครงการตำราคณะพยาบาลศาสตร์ มหาวิทยาลัยบูรพา
536    ^aได้รับทุนสนับสนุนจาก โครงการตำราคณะพยาบาลศาสตร์มหาวิทยาลัยบูรพา
650  7 ^aการพยาบาล
650  7 ^aทารกคลอดก่อนกำหนด
710 2  ^aมหาวิทยาลัยบูรพา. ^bคณะพยาบาลศาสตร์.^bภาควิชาการพยาบาลแม่และเด็ก
945    ^p150^l0^i14791
995    ^aทศพร
999    ^aทศพร เกษรทอง
รายการนี้ยังไม่มีแท็ก
คุณยังไม่ได้ล็อกอิน คุณสามารถมีกิจกรรมร่วมกับเว็บไซต์ได้ แต่ต้องล็อกอินก่อน ::
  ล็อกอิน

รายการสื่อสารสนเทศ

ลำดับที่ ประเภท เลขเรียก/บาร์โค้ด สถานที่ สถานะ
1. วิทยาศาสตร์การแพทย์ และสุขภาพ
วิทยาศาสตร์การแพทย์ และสุขภาพ
WY159 น276ก ฉ.1 
  Barcode: 14791
ห้องสมุดวิทยาเขตสวรรค์ประชารักษ์
►หนังสือทั่วไป
ถูกยืม กำหนดส่งวันที่ 11 พฤษภาคม 2558
  จอง

รายการใกล้เคียง
    ผู้แต่ง [นฤมล ธีระรังสิกุล]

    หัวเรื่อง [การพยาบาล]
    หัวเรื่อง [ทารกคลอดก่อนกำหนด]

BibComment


ยังไม่เคยถูกคอมเมนท์

คอมเมนท์ทรัพยากรรายการนี้
  คอมเมนท์: การพยาบาลทารกคลอ..


 Copyright 2026. Bcnsprnw @Library